000 00466nam a2200193Ia 4500
005 20250423100237.0
008 250422s9999 xx 000 0 und d
020 _a978-81-203-3904-0
050 _aQA 76.76.O63 .T359/
100 _aTanenbaum, Andrew S.
245 0 _aModern operating system
250 _a3rd ed.
260 _aNew Delhi
260 _bPHI Learnig Private Limited
260 _c2009
300 _a1076 p
650 _aComputer
942 _cBK
999 _c32718
_d32718